Redefining the state in Latin America /
El documento analiza la política social de los países de América Latina, propiamente la liberalización, la integración económica, la disciplina fiscal, privatización, reformas financieras, impuestos, pobreza y democracia. HMBQ/hmbq
Guardado en:
| Autor principal: | |
|---|---|
| Formato: | Desconocido |
| Publicado: |
París:
OECD
|
| Materias: | |
| Etiquetas: |
Agregar Etiqueta
Sin Etiquetas, Sea el primero en etiquetar este registro!
|
MARC
| LEADER | 00000 a2200000 04500 | ||
|---|---|---|---|
| 001 | 4650 | ||
| 003 | |||
| 008 | 991231s d | ||
| 040 | |||
| 090 | |a 118205 | ||
| 100 | |a Bradford, Colin I | ||
| 245 | |a Redefining the state in Latin America / |c Colin I Bradford | ||
| 260 | |a París: |b OECD | ||
| 300 | |a 273 p | ||
| 520 | |a El documento analiza la política social de los países de América Latina, propiamente la liberalización, la integración económica, la disciplina fiscal, privatización, reformas financieras, impuestos, pobreza y democracia. HMBQ/hmbq | ||
| 650 | |a POLITICA SOCIAL | ||
| 650 | |a AJUSTE ESTRUCTURAL | ||
| 650 | |a FINANCIAMIENTO | ||
| 650 | |a IMPUESTOS | ||
| 650 | |a POBREZA | ||
| 650 | |a DEMOCRACIA | ||
| 999 | |c 8222 |d 8222 | ||
